[Event "Asia-ch Seniors"]
[Site "Tagaytay City"]
[Date "2023.10.20"]
[Round "8"]
[White "Reyes, Danilo G"]
[Black "Ismail, Ahmad"]
[Result "0-1"]
[WhiteElo "1475"]
[BlackElo "1795"]
[PlyCount "106"]
[EventDate "2023.10.15"]
[EventType "swiss"]
[EventRounds "9"]
[EventCountry "PHI"]
[SourceTitle "Mega2024 Update 01"]
[Source "Chessbase"]
[SourceDate "2023.11.12"]
[SourceVersion "1"]
[SourceVersionDate "2023.11.12"]
[SourceQuality "1"]

1. Nf3 d5 2. d4 Nf6 3. e3 Bg4 4. Be2 Bxf3 5. gxf3 c5 6. dxc5 Qa5+ 7. Qd2 Qxc5 8. b3 Nbd7 9. Bb2 Rc8 10. Na3 a6 11. c4 dxc4 12. Nxc4 Qd5 13. Rc1 Qxd2+ 14. Kxd2 Rd8 15. Kc2 e6 16. Rhg1 g6 17. Rcd1 Rg8 18. Nd6+ Bxd6 19. Rxd6 Nd5 20. Ba3 N7b6 21. Rd1 Rxd6 22. Bxd6 Kd7 23. Ba3 Rc8+ 24. Kb2 Ke8 25. f4 Nc3 26. Rd2 Nxe2 27. Rxe2 Nd5 28. Rc2 Rd8 29. Bc5 f5 30. Bd4 Kd7 31. a3 Rg8 32. h4 b5 33. Rc1 Rc8 34. Rg1 Ke7 35. h5 Kf7 36. hxg6+ hxg6 37. Rh1 Nf6 38. Bxf6 Kxf6 39. Rh7 Rc6 40. Rd7 e5 41. fxe5+ Kxe5 42. Re7+ Kf6 43. Rd7 Kg5 44. Rd4 Kh5 45. a4 bxa4 46. bxa4 g5 47. Kb3 g4 48. Rd5 Kg6 49. a5 Rf6 50. Kc4 Kg5 51. Rd8 Rc6+ 52. Kd5 Rc2 53. Ke5 Rxf2 0-1

[Event "Asia-ch Seniors"]
[Site "Tagaytay City"]
[Date "2023.10.18"]
[Round "6"]
[White "Olivares, Ferdinand"]
[Black "Reyes, Danilo G"]
[Result "1/2-1/2"]
[WhiteElo "1841"]
[BlackElo "1475"]
[PlyCount "87"]
[EventDate "2023.10.15"]
[EventType "swiss"]
[EventRounds "9"]
[EventCountry "PHI"]
[SourceTitle "Mega2024 Update 01"]
[Source "Chessbase"]
[SourceDate "2023.11.12"]
[SourceVersion "1"]
[SourceVersionDate "2023.11.12"]
[SourceQuality "1"]

1. e4 d6 2. d4 Nf6 3. Nc3 g6 4. Be3 c6 5. Bc4 b5 6. Bb3 b4 7. e5 bxc3 8. exf6 cxb2 9. fxe7 Bxe7 10. Rb1 d5 11. c3 Ba3 12. Qd2 0-0 13. Nf3 Ba6 14. Ne5 Re8 15. Kd1 Qh4 16. f3 f6 17. Nxc6 Bc4 18. Na5 Rc8 19. Bf4 Nd7 20. Bxc4 dxc4 21. g4 g5 22. Bg3 Qh6 23. Qe2 Qg6 24. Rxb2 Bxb2 25. Qxb2 Qd3+ 26. Kc1 Re8 27. Rd1 Qxf3 28. Nxc4 Rec8 29. Qb3 Qd5 30. Nd6 Qxb3 31. axb3 Rxc3+ 32. Kb2 Re3 33. Nf5 Re2+ 34. Ka3 Nb6 35. Rc1 Nd5 36. Rc6 Rd8 37. Ra6 Rd7 38. Ra4 Ne3 39. Nxe3 Rxe3 40. Ra6 Kf7 41. Ra4 Rb7 42. Rb4 Rxb4 43. Kxb4 Ke6 44. Kc4 1/2-1/2

[Event "Sharjah Rapid op 27th"]
[Site "Sharjah"]
[Date "2022.04.06"]
[Round "5"]
[White "Reyes, Danilo G"]
[Black "Dimakiling, Oliver"]
[Result "0-1"]
[WhiteElo "1605"]
[BlackElo "2420"]
[PlyCount "62"]
[EventDate "2022.04.06"]
[EventType "swiss (rapid)"]
[EventRounds "9"]
[EventCountry "UAE"]
[SourceTitle "CBM 207 Extra"]
[Source "ChessBase"]
[SourceDate "2022.05.31"]
[SourceVersion "1"]
[SourceVersionDate "2022.05.31"]
[SourceQuality "1"]

1. e4 c5 2. Nf3 Nc6 3. g3 g6 4. Bg2 Bg7 5. 0-0 e5 6. d3 Nge7 7. c3 0-0 8. Re1 d5 9. Qc2 h6 10. Nbd2 Be6 11. Nf1 Qd7 12. a4 Rad8 13. a5 f5 14. exf5 Bxf5 15. Ne3 Bh3 16. Bh1 g5 17. a6 b6 18. c4 Nb4 19. Qb3 e4 20. dxe4 dxe4 21. Rd1 Qe6 22. Rxd8 Rxd8 23. Nd2 Nec6 24. Nd5 Nd4 25. Qd1 Bg4 26. f3 exf3 27. Bxf3 Nxf3+ 28. Nxf3 Nxd5 29. cxd5 Rxd5 30. Qe1 Bd4+ 31. Kf1 Bh3# 0-1

[Event "Sharjah Ramadan op rapid"]
[Site "Sharjah"]
[Date "2019.05.14"]
[Round "3"]
[White "Adithya, Sarma"]
[Black "Reyes, Danilo G"]
[Result "0-1"]
[WhiteElo "1295"]
[BlackElo "1657"]
[PlyCount "90"]
[EventDate "2019.05.13"]
[EventType "swiss (rapid)"]
[EventRounds "9"]
[EventCountry "UAE"]
[SourceTitle "CBM 190 Extra"]
[Source "ChessBase"]
[SourceDate "2019.07.15"]
[SourceVersion "1"]
[SourceVersionDate "2019.07.15"]
[SourceQuality "1"]

1. d4 Nf6 2. c4 e6 3. Nc3 d5 4. Bg5 Be7 5. Nf3 0-0 6. e3 h6 7. Bh4 c6 8. cxd5 exd5 9. Bd3 Re8 10. 0-0 Bg4 11. Be2 Nbd7 12. h3 Bf5 13. Bd3 Ne4 14. Bxe4 dxe4 15. Bxe7 Qxe7 16. Nd2 Qg5 17. g4 Bg6 18. f4 exf3 19. Qxf3 Rxe3 20. Qg2 Rae8 21. Nf3 Qf4 22. Rae1 Rxe1 23. Rxe1 Rxe1+ 24. Nxe1 Qxd4+ 25. Kf1 Ne5 26. Nf3 Bd3+ 27. Ne2 Qxb2 28. Qf2 Nxf3 29. Qxf3 Bxe2+ 30. Qxe2 Qxe2+ 31. Kxe2 Kf8 32. Kd3 Ke7 33. Ke4 Ke6 34. h4 g5 35. hxg5 hxg5 36. Kd4 b6 37. Ke4 c5 38. Kd3 Ke5 39. Ke3 c4 40. Kd2 Kd4 41. a4 a5 42. Kc2 c3 43. Kc1 Kd3 44. Kd1 c2+ 45. Kc1 f6 0-1